Distributionslogistik effiziente Absicherung der Lieferfähigkeit

Saved in:
Bibliographic Details
Main Author: Koether, Reinhard
Format: Book
Language:German
Published: Wiesbaden Springer Gabler 2014
Edition:2. aktual. und überar. Auflage
Series:Lehrbuch
Subjects:
Tags: Add Tag
No Tags, Be the first to tag this record!

MARC

LEADER 00000nam a2200000 4500
001 0185913
005 20240226134029.2
020 |a 978-3-8349-4662-1 
041 0 |a ger 
044 |a DE 
245 1 0 |a Distributionslogistik  |b effiziente Absicherung der Lieferfähigkeit  |c Reinhard Koether 
250 |a 2. aktual. und überar. Auflage 
264 1 |a Wiesbaden  |b Springer Gabler  |c 2014 
300 |a xiv, 214 s. 
490 1 |a Lehrbuch 
830 0 |a Lehrbuch 
610 2 0 |a distribúcia 
610 2 0 |a logistika distribučná 
610 2 0 |a logistika obchodná 
610 2 0 |a dodávky 
100 1 |a Koether, Reinhard